000 00463nam a2200181Ia 4500
001 22890
005 20260414150900.0
008 260414t2004||||xx |||||||||||||| ||spa||
041 _aESP
082 _a624.17
_bJ92
100 _aJurado Albarracín-Martinón, José Ángel
_eAUT
245 0 _aAnálisis estructural de placas y láminas
_b
260 _c2004
300 _a186 páginas :
_c27 cm.
650 _a0
654 _aCIC
942 _cLIB
_dJUS
_fJUS
_2ddc
_n
999 _c22890
_d22890